Destination unknown (Record no. 481815)

000 -LEADER
fixed length control field 00458 a2200169 4500
020 ## - INTERNATIONAL STANDARD BOOK NUMBER
International Standard Book Number 0007154909
040 ## - CATALOGING SOURCE
Original cataloging agency DLC
Language of cataloging DLC
082 00 - DEWEY DECIMAL CLASSIFICATION NUMBER
Classification number 823/.9/12
100 1# - MAIN ENTRY--PERSONAL NAME
Personal name Christie, Agatha,
245 10 - TITLE STATEMENT
Title Destination unknown
Statement of responsibility, etc. Christie, Agatha
250 ## - EDITION STATEMENT
Edition statement Greenway ed.
260 ## - PUBLICATION, DISTRIBUTION, ETC.
Place of publication, distribution, etc. London :
Name of publisher, distributor, etc. Collins for the Crime Club,
Date of publication, distribution, etc. 1977.
300 ## - PHYSICAL DESCRIPTION
Extent 316 ;
Dimensions 21 cm.
490 0# - SERIES STATEMENT
Series statement The Greenway edition ; [23]
655 #7 - INDEX TERM--GENRE/FORM
Genre/form data or focus term Detective and mystery stories.
942 ## - ADDED ENTRY ELEMENTS (KOHA)
Koha item type Book
Source of classification or shelving scheme
Holdings
Withdrawn status Lost status Source of classification or shelving scheme Damaged status Not for loan Permanent Location Current Location Date acquired Total Checkouts Full call number Barcode Date last seen Price effective from Koha item type
          School of Civil and Environmental Engineering (SCEE) School of Civil and Environmental Engineering (SCEE) 01/22/2020   823.912 CHR NIT-9368 10/02/2023 01/22/2020 Book
© 2023 Central Library, National University of Sciences and Technology. All Rights Reserved.